Mots par formule chimique - 1 - Statistiques

Statistiques générales
  • Ce quiz a été pris 9 066 fois
  • Le résultat moyen est 7 sur 10
Statistiques - réponses
Formule Mot % Correct
Soufre-Aluminium-Oxygène-Azote Salon
98%
Bore-Oxygène-Soufre-Sélénium Bosse
89%
Sélénium-Azote-Titane-Erbium Sentier
76%
Flérovium-Uranium-Tellure Flûte
65%
Fluor-Iode-Arsenic-Cobalt Fiasco
62%
Carbone-Argon-Sodium-Vanadium-Aluminium Carnaval
60%
Carbone-Hydrogène-Erbium-Carbone-Hydrogène-Europium-Selenium Chercheuse
58%
Rhénium-Polonium-Azote-Sélénium Réponse
56%
Polonium-Plutonium-Lanthane-Titane-Oxygène-Azote Population
51%
Praséodyme-Oxygène-Protactinium-Gallium-Titane-Oxygène-Azote Propagation
49%
Aucun quiz correspondant
Distribution des résultats
% des personnes avec chaque résultat
Percentile par nombre de réponses
Votre historique - résultats
Vous n’avez pas pris ce quiz